| 000 -LEADER |
| fixed length control field |
00855cam a2200241Ia 4500 |
| 020 ## - INTERNATIONAL STANDARD BOOK NUMBER |
| ISBN |
9789211262230 |
| 020 ## - INTERNATIONAL STANDARD BOOK NUMBER |
| ISBN |
9211262232 |
| 040 ## - CATALOGING SOURCE |
| Transcribing agency |
IWA |
| 082 ## - DEWEY DECIMAL CLASSIFICATION NUMBER |
| Classification number |
333 REN 2008 A076 Or. |
| 245 00 - TITLE STATEMENT |
| Title |
Cross-border energy trade and its impact on the poor : |
| Remainder of title |
synthesis report |
| 246 3# - VARYING FORM OF TITLE |
| Title proper/short title |
Cross border energy trade & its impact on the poor |
| 260 ## - PUBLICATION, DISTRIBUTION, ETC. (IMPRINT) |
| Place of publication |
Bangkok, Thailand : |
| Name of publisher |
Regional Energy Programme for Poverty Reduction (REP-PoR), UNDP Regional Centre in Bangkok, Thailand, |
| Year of publication |
c2008 |
| 300 ## - PHYSICAL DESCRIPTION |
| Number of Pages |
vii, 103 p. : |
| Other physical details |
col. ill. ; |
| Dimensions |
28 cm |
| 500 ## - GENERAL NOTE |
| General note |
"Sales #:E.08.III.B.18"--T.p. verso |
| 650 #0 - SUBJECT ADDED ENTRY--TOPICAL TERM |
| Topical Term |
Power resources |
| 650 #0 - SUBJECT ADDED ENTRY--TOPICAL TERM |
| Topical Term |
Power resources |
| 650 #0 - SUBJECT ADDED ENTRY--TOPICAL TERM |
| Topical Term |
Energy policy |
| 650 #0 - SUBJECT ADDED ENTRY--TOPICAL TERM |
| Topical Term |
Energy policy |
| 650 #0 - SUBJECT ADDED ENTRY--TOPICAL TERM |
| Topical Term |
Economic development |
| 650 #0 - SUBJECT ADDED ENTRY--TOPICAL TERM |
| Topical Term |
Economic development |
| 710 2# - ADDED ENTRY--CORPORATE NAME |
| Corporate name or jurisdiction name as entry element |
Regional Energy Programme for Poverty Reduction |
| 942 ## - ADDED ENTRY ELEMENTS (KOHA) |
| Koha item type |
សៀវភៅភាសាអង់គ្លេស |
| 952 ## - LOCATION AND ITEM INFORMATION (KOHA) |
| Withdrawn status [LOCAL, KOHA] |
0 |